000 00872nam a22002897a 4500
001 3266
003 FISKH
005 20260319081015.0
008 240222b cb ||||| |||| 00| 0 eng d
020 _a9781846431371
040 _aFISKH
_beng
_cFISKH
_dFISKH
050 _aPZ8.3
082 _a782.42162
100 _aIves, Penny
245 _aFive little ducks /
_cillustrated by Ives , Penny
260 _aSwindon :
_bChild's Play ,
_c2002
300 _a16 unnumbered pages :
_bcolor illustrations ;
_c21 cm .
490 _a Classic Books with Holes
505 _aG
520 _aWhen her five little ducks disappear one by one, Mother Duck sets out to find them.
521 8 _a350
_bLexile
521 8 _aG
_bRaz-Plus
600 _2ducks
_vfiction
650 _acounting
_vfiction
700 _aIves, Penny
_eillustrator
942 _2ddc
_cBK
_n0
999 _c3266
_d3266